000 01293nam a2200373 i 4500
001 11784
003 KOSZ 005
005 20210114145001.0
008 080609s1965 pl a f f 001 0 pol
015 _aPB 1965/7798
040 _aWA N
_cWA N
_dKOSZ 005/RW
_dKOSZ 005/HR
046 _k1965
080 _a543
080 _a(075.8)
100 1 _aMinczewski, Jerzy
_d(1916-1995)
_eAutor
245 1 0 _aChemia analityczna /
_cJerzy Minczewski, Zygmunt Marczenko.
260 _aWarszawa :
_bPaństwowe Wydawnictwo Naukowe,
_c1965.
300 _a819, [1] stron :
_bilustracje, errata ;
_c25 cm.
336 _aTekst
_btxt
_2rdacontent
337 _aBez urządzenia pośredniczącego
_bn
_2rdamedia
338 _aWolumin
_bnc
_2rdacarrier
380 _aKsiążki
380 _aPublikacje dydaktyczne
385 _mPoziom nauczania
_aSzkoły wyższe
388 _a1901-2000
504 _aBibliografia na stronach 54-[68]. Indeks.
658 _aChemia
655 4 _aPodręczniki akademickie
650 4 _aChemia analityczna
710 2 _aPaństwowe Wydawnictwo Naukowe
_4pbl.
700 1 _aMarczenko, Zygmunt
_d(1922-2002)
_eAutor
856 _uhttp://koha.tu.koszalin.pl/cgi-bin/koha/opac-detail.pl?biblionumber=11784
_yKatalog online BPK
942 _2UKD
_cKS
999 _c11784
_d11784